[Event "Kemerovo1"]
[Site "Kemerovo"]
[Date "1995.??.??"]
[Round "6"]
[White "Ruban, Vadim"]
[Black "Dolmatov, Sergey"]
[Result "1/2-1/2"]
[WhiteElo "2535"]
[BlackElo "2615"]
[Annotator "Belov"]
[PlyCount "101"]
[EventDate "1995.08.??"]
[SourceTitle "CBM 050"]
[Source "ChessBase"]
[SourceDate "1996.02.01"]
[SourceVersion "1"]
[SourceVersionDate "1996.02.01"]
[SourceQuality "1"]

1. d4 {Piket} Nf6 2. c4 g6 3. Nc3 Bg7 4. e4 d6 5. Nf3 O-O 6. Be2 e5 7. O-O Nc6
8. d5 Ne7 9. Nd2 a5 10. a3 Nd7 11. Rb1 f5 12. b4 Kh8 13. Qc2 Ng8 14. exf5 (14.
f3 $142) 14... gxf5 15. f4 axb4 16. axb4 exf4 17. Nf3 Ndf6 (17... Ne5 18. Bxf4
Bd7 19. Nb5 Ne7 20. Qd2 N7g6 21. Bg5 $14 {Sulipa,A-Tondivar,B/Groningen op/
1991/}) 18. Bxf4 Ne4 19. Nxe4 fxe4 20. Nd2 Bf5 21. Be3 {[N]} (21. Nxe4 Qe8 22.
Bd3 Qg6 (22... Ra3 23. Rbe1 Qg6 {[Lputian,S-Piket,Je/Manila ol/1992/0,5/29]}
24. Bg3 $14) (22... Bd4+ 23. Kh1 Qg6 $13 {Piket/}) 23. Rbe1 Rae8 24. Bg3 Nf6
25. Nf2 $14 {Lputian,S-Bagaturov,G/Protvino zt/1993/1:0/52/}) 21... Be5 22. Rf2
(22. Nxe4 $4 Qh4 23. Bd3 Bxh2+ $19) (22. g3 Qe7 23. Nb3 (23. Nxe4 Bg7 24. Bd3
Ra3) 23... Qg7 $36) 22... Qh4 23. Nf1 Bg6 24. Qd2 Rxf2 25. Bxf2 Qf6 26. Ne3 $2
{[%csl Rh2]} (26. Be3 $10) 26... Bxh2+ $1 {[%csl Rf2]} 27. Kxh2 Qxf2 $17 28.
Rf1 Qh4+ 29. Kg1 Qe7 30. Bg4 (30. Qd4+ Qg7 31. Qxg7+ Kxg7 $17) 30... Qe5 $17 (
30... Nf6 $2 31. Qd4 Rf8 32. Be6 $16) 31. Be6 Nf6 32. c5 Ra1 33. cxd6 cxd6 34.
Qc2 Rxf1+ 35. Kxf1 Kg7 $1 36. Qc7+ Kh6 37. Qc1 (37. Qxb7 $2 Qf4+ 38. Ke2 Bh5+
39. g4 (39. Kd2 Qf2+) 39... Qf3+ 40. Kd2 Qf2+ 41. Kc1 Qxe3+ $19) 37... Qf4+ 38.
Kg1 Kg5 39. b5 Be8 (39... h5 40. Qe1 h4 $5) 40. b6 Bb5 41. Qe1 $1 h5 42. g3 $1
Qf3 43. Ng2 Ng4 (43... Qd3 44. Qc1+ Kg6 45. Nf4+) (43... Bd3 44. Qd2+ Kg6 45.
Nh4+) 44. Bxg4 (44. Qc1+ $5 Kf6 (44... e3 45. Bxg4 Qf2+ 46. Kh1 Kxg4 47. Qxe3
Qxe3 48. Nxe3+ Kxg3 49. Nf5+ $10) 45. Bxg4 hxg4 46. Qb2+) 44... Kxg4 45. Kh2
$15 Be2 46. Kg1 Bd3 (46... e3 47. Qb4+ Kg5 (47... Kxg3 48. Qh4#) 48. Qh4+ Kg6
49. Qf4) 47. Kh2 Qe2 48. Qc3 Qf2 49. Qg7+ Kf3 50. Qf6+ Ke2 51. Qb2+ 1/2-1/2

[Event "Kemerovo1"]
[Site "Kemerovo"]
[Date "1995.??.??"]
[Round "8"]
[White "Nielsen, Peter Heine"]
[Black "Dolmatov, Sergey"]
[Result "1/2-1/2"]
[WhiteElo "2500"]
[BlackElo "2615"]
[Annotator "Belov"]
[PlyCount "58"]
[EventDate "1995.08.??"]
[SourceTitle "CBM 050"]
[Source "ChessBase"]
[SourceDate "1996.02.01"]
[SourceVersion "1"]
[SourceVersionDate "1996.02.01"]
[SourceQuality "1"]

1. d4 Nf6 2. c4 g6 3. Nc3 Bg7 4. e4 d6 5. Be2 O-O 6. Nf3 e5 7. O-O Nc6 8. d5
Ne7 9. Ne1 Nd7 10. Be3 f5 11. f3 f4 12. Bf2 h5 13. a4 g5 14. a5 Ng6 15. Nb5 Nf6
16. Nxa7 Bd7 (16... g4 17. Nxc8 g3 18. hxg3 fxg3 19. Bxg3 h4 20. Bh2 Qxc8 (
20... Nf4 $5 21. Bxf4 exf4 22. e5 Nh5 23. Qd3 Ng3 24. Rf2 Rxc8 $13) 21. Nd3 Bh6
22. f4 $1 Nxe4 23. Bg4 Qd8 24. Be6+ Kg7 25. Qg4 $16 {Kozul,Z-Sherzer,A/Biel
(izt)/1993/1:0/36/}) 17. c5 g4 18. c6 (18. Kh1 g3 19. Bg1 dxc5 $6 (19... gxh2
20. Bf2 h4 21. c6 bxc6 22. Nxc6 Qe8 $13) 20. Nb5 Ne8 21. d6 $16 {Finegold,
B-Kreiman,B/USA-ch/1994/1:0/41/}) 18... g3 19. hxg3 fxg3 20. Bxg3 Rxa7 $5 (
20... h4 21. Bf2 bxc6 22. Nxc6 Bxc6 23. dxc6 Nh5 24. Bc4+ Kh8 25. f4 Ngxf4 26.
Qg4 $13 {Siebrecht,S-Loginov,V/Budapest/1994/0:1/35/}) 21. cxd7 Qxd7 $5 {N} (
21... Nxd7 22. f4 exf4 23. Bf2 Ra8 24. Bxh5 Nde5 25. Bxg6 Nxg6 26. Qh5 Ne5 27.
Ra3 Qe8 $10 {Schmidt,Wl-Hernandez,Gl/Moscow olm/1994/0,5/50/}) 22. Nc2 Raa8 23.
Ne3 (23. a6 bxa6 24. Nb4 a5 25. Nc6 h4 26. Bh2 Nh5 $36) 23... h4 24. Bf2 Bh6
25. Nf5 Bg5 26. Qb3 (26. Qe1 Qh7) 26... Rfb8 27. Be3 Nf4 (27... Bxe3+ $6 28.
Qxe3 Kf7 (28... Nf4 29. Nxh4) 29. Qg5 $16) 28. Kf2 $5 (28. Bc4 N6h5 29. Rfc1
Ng3 30. Nxg3 hxg3 31. Kf1 Qh7 $17) 28... N6h5 29. Rh1 Ng3 (29... Ng3 30. Nxg3 (
30. Bxf4 Nxh1+ 31. Rxh1 exf4 32. Nxh4 $44) 30... hxg3+ 31. Kf1 Kg7 32. Bxf4
Bxf4 33. Bc4 Rh8 34. Ke2 $13) 1/2-1/2

[Event "Elenite"]
[Site "Elenite"]
[Date "1995.??.??"]
[Round "4"]
[White "Kolev, Atanas"]
[Black "Dolmatov, Sergey"]
[Result "1/2-1/2"]
[WhiteElo "2500"]
[BlackElo "2615"]
[PlyCount "182"]
[EventDate "1995.09.??"]
[EventType "tourn"]
[EventRounds "9"]
[EventCountry "BUL"]
[EventCategory "15"]
[SourceTitle "CBM 050"]
[Source "ChessBase"]
[SourceDate "1996.02.01"]
[SourceVersion "1"]
[SourceVersionDate "1996.02.01"]
[SourceQuality "1"]

1. e4 e6 2. d4 d5 3. Nd2 c5 4. Ngf3 Nc6 5. exd5 exd5 6. Bb5 cxd4 7. O-O Bd6 8.
Nb3 Nge7 9. Nbxd4 O-O 10. Bd3 h6 11. h3 a6 12. c3 Nxd4 13. Nxd4 Bc7 14. Qh5 Qd6
15. g3 Qf6 16. Kg2 Rd8 17. Re1 Ng6 18. Nf3 Bb6 19. Be3 Bxe3 20. Rxe3 Nf8 21.
Rd1 Be6 22. Nd4 Rd6 23. Rde1 Qd8 24. Qf3 Rc8 25. g4 Rd7 26. Qg3 Re7 27. f4 Rcc7
28. Qh4 Re8 29. Qf2 Bd7 30. Re5 Rxe5 31. Rxe5 Ne6 32. Qe3 Nxd4 33. Qxd4 Bc6 34.
Kg3 Re7 35. h4 f6 36. Re3 Qe8 37. Kf2 a5 38. Bf5 Rxe3 39. Qxe3 Qxe3+ 40. Kxe3
Kf7 41. Kd4 b6 42. g5 Ke7 43. gxh6 gxh6 44. Bg4 Kd6 45. Bf3 b5 46. Bg2 a4 47.
Bf3 Bb7 48. b3 axb3 49. axb3 Bc6 50. Bg2 Bb7 51. c4 bxc4 52. bxc4 Bc6 53. Bxd5
Ba4 54. Be4 Bd1 55. Bd5 Ba4 56. c5+ Kc7 57. Ke3 Bd1 58. Be4 Bh5 59. Kf2 Bg4 60.
Kg3 Be6 61. Bg2 Bf5 62. Bd5 Bd7 63. Be4 Be6 64. Bf3 Bf5 65. Bg4 Bg6 66. Bf3 Bf5
67. Kf2 Bc2 68. Ke1 Bf5 69. Kd2 Bg6 70. Ke3 Bf7 71. Kd4 Bb3 72. Bd5 Bd1 73. Be6
Bc2 74. Bc4 Bg6 75. Bd3 Bf7 76. Ke4 Bg6+ 77. Ke3 Bf7 78. Be4 Bh5 79. Bf3 Bg6
80. Bg4 Bc2 81. Kd4 Bb3 82. Be2 Bf7 83. h5 Kc6 84. Bg4 Bb3 85. Bf3+ Kc7 86. Be4
Bd1 87. Bg6 Kc6 88. Be8+ Kc7 89. Ke4 Bc2+ 90. Kf3 Bd1+ 91. Kg3 Be2 1/2-1/2

[Event "Elenite"]
[Site "Elenite"]
[Date "1995.??.??"]
[Round "5"]
[White "Dolmatov, Sergey"]
[Black "Alterman, Boris"]
[Result "1/2-1/2"]
[WhiteElo "2615"]
[BlackElo "2595"]
[PlyCount "108"]
[EventDate "1995.09.??"]
[EventType "tourn"]
[EventRounds "9"]
[EventCountry "BUL"]
[EventCategory "15"]
[SourceTitle "CBM 050"]
[Source "ChessBase"]
[SourceDate "1996.02.01"]
[SourceVersion "1"]
[SourceVersionDate "1996.02.01"]
[SourceQuality "1"]

1. e4 c5 2. Nf3 d6 3. d4 cxd4 4. Nxd4 Nf6 5. Nc3 g6 6. Be3 Bg7 7. f3 O-O 8. Qd2
Nc6 9. g4 Be6 10. O-O-O Nxd4 11. Bxd4 Qa5 12. a3 Rab8 13. h4 b5 14. Nd5 Qxd2+
15. Rxd2 Bxd5 16. exd5 a5 17. Be2 Nd7 18. Bxg7 Kxg7 19. Re1 Rfc8 20. Bf1 Nc5
21. Kb1 Rc7 22. b3 b4 23. a4 h6 24. Kb2 g5 25. hxg5 hxg5 26. Re3 Rh8 27. c3
bxc3+ 28. Rxc3 Rh1 29. Bb5 Rc8 30. Re3 Kf6 31. Rf2 e5 32. dxe6 fxe6 33. f4 gxf4
34. Rxf4+ Ke7 35. Ref3 d5 36. Rf7+ Kd6 37. Ra7 Rch8 38. Rxa5 R8h2+ 39. Ka3 Rh3
40. Rxh3 Rxh3 41. Ra8 Rxb3+ 42. Ka2 Rg3 43. Rc8 Ne4 44. Kb2 Ke5 45. Rc1 Rxg4
46. a5 Nd6 47. Bf1 Ra4 48. Ra1 Rxa1 49. Kxa1 Nc8 50. Kb2 Na7 51. Kc3 Nc6 52. a6
Kd6 53. Bh3 e5 54. Bg2 Kc5 1/2-1/2

[Event "RUS-ch"]
[Site "Elista"]
[Date "1995.??.??"]
[Round "2"]
[White "Fominyh, Alexander"]
[Black "Dolmatov, Sergey"]
[Result "1-0"]
[WhiteElo "2515"]
[BlackElo "2615"]
[Annotator "Glatman"]
[PlyCount "115"]
[EventDate "1995.10.??"]
[EventType "swiss"]
[EventRounds "11"]
[EventCountry "RUS"]
[SourceTitle "CBM 050"]
[Source "ChessBase"]
[SourceDate "1996.02.01"]
[SourceVersion "1"]
[SourceVersionDate "1996.02.01"]
[SourceQuality "1"]

1. d4 Nf6 2. Nf3 g6 3. c4 Bg7 4. g3 O-O 5. Bg2 d6 6. O-O Nbd7 7. Qc2 e5 8. Rd1
Qe7 9. e4 c6 10. Nc3 Re8 11. Be3 $5 (11. d5 c5 (11... a5 12. Ne1 cxd5 13. cxd5
Nc5 14. Rb1 Bd7 15. Nd3 b6 16. b4 axb4 17. Nxb4 $14 {Makarov,M-Magerramov,E/
URS-ch/1991/0,5/38/}) 12. Ne1 (12. a3 Nh5 13. b4 b6 14. Nb5 Nf8 15. bxc5 bxc5
16. Qa4 Bd7 17. Qa6 $14 {Ulibin,M-Hoang,T/Cheliabinsk/1989/1:0/43/}) (12. Rb1
Rf8 13. b4 $6 (13. a3 $142) 13... cxb4 14. Rxb4 Nc5 15. Be3 Nfd7 16. Nd2 f5 17.
f3 f4 $15 {Arbakov,V-Saltaev,M/Tiraspol/1994/0:1/30/}) 12... Ng4 13. h3 Nh6 14.
Be3 a6 15. Rab1 b6 16. b4 $14 {Karpov,A-Ermenkov,E/Malta olm/1980/0,5/45/}) (
11. h3 exd4 12. Nxd4 Nc5 13. f3 (13. Re1 Ng4 $1 14. Nf3 Ne5 15. Nxe5 dxe5 16.
Be3 Ne6 $15 {Zhidkov,V-Korotylev,A/Moscow-ch/1994/0,5/31/}) 13... Nfd7 14. Kh2
h5 15. h4 Ne5 16. Nce2 a5 $10 {Trichkov,V-Grivas,E/Dortmund op/1991/0,5/27/}) (
11. b3 $5) 11... exd4 12. Nxd4 Ng4 (12... Nc5 13. f3 a5 14. Bf2 Nfd7 15. b3 Ne5
16. h3 a4 17. Rab1 axb3 18. axb3 Na6 19. Na2 $14 {Phominyh,A-Korotylev,A/
Alushta 3/1994/1:0/41/}) 13. Bf4 Nge5 14. b3 Nc5 15. h3 Ne6 (15... a5 16. Rab1
h5 17. Be3 Qc7 $14) 16. Nxe6 (16. Be3 $5 Nxd4 (16... Nc5 17. f4 Ned7 18. b4 $16
) 17. Bxd4 f5 18. f4 Nf7 19. Bxg7 Kxg7 20. Re1 $16) 16... fxe6 17. Qd2 Nf7 18.
Be3 e5 19. Rac1 Be6 20. Ne2 $1 b6 $6 (20... Red8 $5 21. b4 Qc7 22. Qb2 $14) 21.
Rf1 Rad8 22. a4 $1 Qc7 (22... Bc8 23. a5 bxa5 24. Qxa5 c5 25. Nc3 $16) 23. Ra1
a5 24. Rae1 Rb8 25. f4 Qd7 $2 (25... Bc8 26. f5 Qe7 27. h4 $16) 26. f5 $1 gxf5
27. exf5 Bxf5 28. Bxc6 Qxc6 29. Rxf5 e4 (29... Rb7 30. Nc3 $16) 30. Qd5 Qxd5
31. Rxd5 Ne5 32. Red1 Bf8 33. Nc3 Re6 (33... Nf7 34. Rb5 Rec8 35. Nd5 $18) 34.
Kg2 $1 (34. Nxe4 Nf3+ 35. Kg2 Nh4+ 36. gxh4 Rxe4 $16) 34... Nd7 35. Rg5+ Bg7 (
35... Kf7 36. Rf1+ Ke8 (36... Nf6 37. Nd5 Bg7 38. Bd4 $18) 37. Nd5 Rg6 38. Rh5
h6 39. Rh4 $18) 36. Bd4 Rg6 37. Rxg6 hxg6 38. Nxe4 $18 Nc5 (38... Bxd4 39. Rxd4
Nc5 40. Nd2 Rd8 $18) 39. Bxc5 $1 bxc5 (39... dxc5 40. Rd6 Kh7 41. h4 $18) 40.
Rd3 Be5 41. Ng5 Kg7 (41... Rf8 42. Nf3 Re8 43. Nxe5 dxe5 44. Rd5 $18) 42. Kf3
$1 Re8 43. Ne4 Re6 44. h4 Bd4 45. Ng5 Re8 (45... Rf6+ 46. Ke4 Rf1 47. Rf3 Re1+
48. Kd5 $18) 46. Ne4 Re6 47. Nc3 Kf6 (47... Bxc3 48. Rxc3 Kf6 49. Rd3 Kf7 (
49... Ke7 50. Re3 $18) 50. Kf4 Kf6 51. g4 Kf7 52. Kg5 Re5+ 53. Kh6 Re4 54. Rf3+
Ke6 55. Kg5 $18) 48. Ne2 Be5 49. Nf4 Re8 50. Re3 g5 $6 (50... Rb8 $5 51. Nd5+
Kg7) 51. Nd5+ Kg6 52. h5+ $1 Kh6 (52... Kxh5 53. Nf6+ Bxf6 54. Rxe8 $18) 53.
Kg4 Re6 54. Re4 Re8 55. Ne3 Rf8 56. Nf5+ Kh7 57. Re3 Rg8 58. Rf3 1-0

[Event "RUS-ch"]
[Site "Elista"]
[Date "1995.??.??"]
[Round "3"]
[White "Dolmatov, Sergey"]
[Black "Belikov, Vladimir"]
[Result "1/2-1/2"]
[WhiteElo "2615"]
[BlackElo "2480"]
[PlyCount "80"]
[EventDate "1995.10.??"]
[EventType "swiss"]
[EventRounds "11"]
[EventCountry "RUS"]
[SourceTitle "CBM 050"]
[Source "ChessBase"]
[SourceDate "1996.02.01"]
[SourceVersion "1"]
[SourceVersionDate "1996.02.01"]
[SourceQuality "1"]

1. e4 c5 2. Nf3 Nc6 3. d4 cxd4 4. Nxd4 Nf6 5. Nc3 e5 6. Ndb5 d6 7. Bg5 a6 8.
Na3 b5 9. Bxf6 gxf6 10. Nd5 Bg7 11. c3 f5 12. exf5 Bxf5 13. Nc2 Be6 14. g3 O-O
15. Bg2 Rb8 16. O-O a5 17. Qh5 f5 18. Rad1 Kh8 19. Rd2 Bxd5 20. Bxd5 Ne7 21.
Ne3 Rf6 22. Bg2 Qd7 23. Nd5 Nxd5 24. Rxd5 b4 25. Qe2 bxc3 26. bxc3 Qc7 27. c4
e4 28. Bh3 Rbf8 29. Rb1 Qa7 30. Qe3 Qc7 31. Qe2 Qa7 32. Rbb5 f4 33. Rxa5 Qb6
34. Rab5 Qa7 35. Ra5 Qb6 36. Rab5 Qa7 37. Bf5 e3 38. fxe3 fxe3 39. Kg2 Qa8 40.
g4 Rh6 1/2-1/2

[Event "RUS-ch"]
[Site "Elista"]
[Date "1995.??.??"]
[Round "6"]
[White "Balashov, Yuri"]
[Black "Dolmatov, Sergey"]
[Result "1/2-1/2"]
[WhiteElo "2490"]
[BlackElo "2615"]
[PlyCount "23"]
[EventDate "1995.10.??"]
[EventType "swiss"]
[EventRounds "11"]
[EventCountry "RUS"]
[SourceTitle "CBM 050"]
[Source "ChessBase"]
[SourceDate "1996.02.01"]
[SourceVersion "1"]
[SourceVersionDate "1996.02.01"]
[SourceQuality "1"]

1. e4 e6 2. d4 d5 3. Nd2 c5 4. exd5 exd5 5. Ngf3 Nc6 6. Bb5 cxd4 7. Qe2+ Qe7 8.
Qxe7+ Bxe7 9. Nxd4 Bd7 10. N2f3 Nf6 11. O-O O-O 12. Bd3 1/2-1/2

[Event "RUS-chT"]
[Site "Azov"]
[Date "1996.??.??"]
[Round "1"]
[White "Dolmatov, Sergey"]
[Black "Onoprienko, Vladimir"]
[Result "1-0"]
[WhiteElo "2575"]
[BlackElo "2295"]
[Annotator "Makarichev"]
[PlyCount "53"]
[EventDate "1996.??.??"]
[EventType "team"]
[EventRounds "7"]
[EventCountry "RUS"]
[SourceTitle "CBM 056 ext"]
[Source "ChessBase"]
[SourceDate "1997.03.01"]
[SourceVersion "1"]
[SourceVersionDate "1997.03.01"]
[SourceQuality "1"]

1. e4 c5 2. Nf3 Nc6 3. d4 cxd4 4. Nxd4 g6 5. c4 Bg7 6. Be3 Qb6 7. Nb5 $1 (7.
Nb3 Qc7 8. Nc3 Bxc3+ $5 $132 (8... Nf6 9. c5 $1 $16 {Kaspersen,M-Willemsen,J/
Kobenhavn/1988/})) 7... Qa5+ 8. N5c3 $1 (8. N1c3 Nf6 9. Bd2 Qd8 10. Be3 a6 11.
Nd4 Ng4 $1 $132 {Bannik,A-Lutikov,A/Kiev(URS-ch/1964/}) 8... Nf6 9. Nd2 O-O 10.
Be2 d6 11. O-O Be6 12. a3 (12. f4 $5 $40 Nd7 $140 $2 13. Nb3 Qa6 $8 (13... Qd8
$2 14. f5 $18) 14. Nb5 $1 $16) 12... Rfc8 $6 (12... Nd7 $5) 13. f4 Qd8 $6 (
13... Nd7 $5 14. Nb3 $1 (14. f5 $2 gxf5 (14... Bxc3 $2 15. fxe6 Bxd2 16. exf7+
(16. Bxd2 $2 Qc5+ $15) 16... Kg7 17. Bxd2 Qb6+ 18. Kh1 Nde5 19. Bc3 $16) 15.
exf5 Bxf5 16. Nb3 (16. Rxf5 $2 Qxf5 17. Bg4 Qd3 $1 $17) 16... Qe5 $132) (14.
Rc1 f5 $1 15. Nb3 Qd8 16. Nd4 Nxd4 17. Bxd4 Bxd4+ 18. Qxd4 Qb6 $1 19. Qxb6 Nxb6
$132) 14... Qa6 $1 (14... Qd8 $2 15. f5 $18) 15. Nb5 $1 (15. Nd5 $6 Qa4 $1 (
15... Bxb2 $2 16. Ra2 Bg7 17. f5 $18) 16. Rc1 (16. f5 Bxd5 17. exd5 Nce5 $132)
16... Bxb2) (15. c5 $6 Bc4 16. cxd6 Bxc3 17. Bxc4 Qxc4 18. bxc3 Qxe4 $132)
15... Na5 $1 (15... Bxb2 $2 16. Ra2 Bg7 17. f5 $16) 16. Nxa5 Qxa5 17. b4 $1 Qd8
18. Rc1 (18. Nxa7 Rxc4 $1 $132 19. f5 $140 $2 Rxe4 $1) 18... Nb6 (18... a6 19.
Nd4 $16) 19. c5 $1 dxc5 20. Bxc5 $16 Bb2) 14. Rc1 Qd7 (14... Ne8 15. Nf3 f5 16.
Ng5 Bd7 17. c5 $1 $18 {/\Be2-c4}) 15. h3 h5 16. Kh2 $16 Bh6 $6 (16... Nh7 17.
Bd3 f5 18. Nf3 $16) 17. Nd5 $1 Bg7 (17... Bxd5 $6 18. exd5 Nd8 19. Bd3 $40 {
/\Qf3,f4-f5+-}) 18. b4 $5 Nh7 19. Nf3 f5 20. Bd3 Nd8 $6 (20... fxe4 21. Bxe4
Bf5 22. Bxf5 gxf5 (22... Qxf5 23. b5 $18) 23. Ng5 $1 Nxg5 (23... e6 24. Nxh7
Kxh7 25. Qxh5+ $18) 24. fxg5 e6 (24... Be5+ 25. Bf4 e6 26. Bxe5 $18) 25. Nf4
Ne5 26. Qe2 h4 27. Bf2 $18) 21. Nh4 $18 Bxd5 22. cxd5 Nf6 23. exf5 gxf5 (23...
Nxd5 24. Qb3) 24. Rxc8 Qxc8 25. Nxf5 Nxd5 26. Qxh5 Nxe3 27. Qe8+ (27. Qe8+ Bf8
28. Nxe7+) 1-0

[Event "Goodricke op 07th"]
[Site "Kolkata"]
[Date "1996.??.??"]
[Round "1"]
[White "Ravi, Thandalam Shanmugam"]
[Black "Dolmatov, Sergey"]
[Result "1/2-1/2"]
[WhiteElo "2345"]
[BlackElo "2610"]
[PlyCount "58"]
[EventDate "1996.02.??"]
[EventType "swiss"]
[EventRounds "11"]
[EventCountry "IND"]
[SourceTitle "CBM 050 ext"]
[Source "ChessBase"]
[SourceDate "1996.03.01"]
[SourceVersion "1"]
[SourceVersionDate "1996.03.01"]
[SourceQuality "1"]

1. e4 e6 2. d4 d5 3. Nd2 c5 4. Ngf3 Nc6 5. exd5 exd5 6. Bb5 cxd4 7. Qe2+ Qe7 8.
Nxd4 Qxe2+ 9. Kxe2 Bd7 10. N2f3 Bc5 11. Be3 Nxd4+ 12. Nxd4 Bxd4 13. Bxd7+ Kxd7
14. Bxd4 f6 15. Rhd1 Ne7 16. c4 Ke6 17. cxd5+ Nxd5 18. Rd2 Rhd8 19. Kf3 Nb4 20.
a3 Nc6 21. Re1+ Kf7 22. Red1 Rac8 23. Bc3 Rxd2 24. Rxd2 Ke6 25. Ke4 h5 26. f4
Ne7 27. g3 Nf5 28. Kf3 Rc7 29. h3 Nd6 1/2-1/2

[Event "Goodricke op 07th"]
[Site "Kolkata"]
[Date "1996.??.??"]
[Round "2"]
[White "Dolmatov, Sergey"]
[Black "Sriram, Jha"]
[Result "1-0"]
[WhiteElo "2610"]
[BlackElo "2345"]
[PlyCount "89"]
[EventDate "1996.02.??"]
[EventType "swiss"]
[EventRounds "11"]
[EventCountry "IND"]
[SourceTitle "CBM 050 ext"]
[Source "ChessBase"]
[SourceDate "1996.03.01"]
[SourceVersion "1"]
[SourceVersionDate "1996.03.01"]
[SourceQuality "1"]

1. e4 c5 2. Nf3 Nc6 3. d4 cxd4 4. Nxd4 g6 5. c4 Bg7 6. Be3 Nf6 7. Nc3 Ng4 8.
Qxg4 Nxd4 9. Qd1 Ne6 10. Rc1 Qa5 11. a3 b6 12. Bd3 Bb7 13. O-O O-O 14. Rc2 f5
15. Nd5 Rae8 16. f4 Qa4 17. exf5 gxf5 18. Be2 Nd4 19. Bxd4 Bxd4+ 20. Kh1 e6 21.
b3 Qxa3 22. Nc7 Qxb3 23. Nxe8 Rxe8 24. Rd2 Qxd1 25. Rfxd1 e5 26. Bh5 Re7 27.
fxe5 Rg7 28. Bf3 Bxf3 29. gxf3 Bxe5 30. Rxd7 a5 31. R1d5 Rxd7 32. Rxd7 Bf4 33.
Kg2 Be3 34. Kg3 Bc1 35. Rb7 Be3 36. h3 Kh8 37. Kh4 Kg8 38. Kh5 Kh8 39. Rf7 Bc5
40. Rd7 Be3 41. Rd3 Bf4 42. Rb3 Bc7 43. Kg5 f4 44. Rd3 Kg8 45. Kf6 1-0

[Event "Goodricke op 07th"]
[Site "Kolkata"]
[Date "1996.??.??"]
[Round "4"]
[White "Dolmatov, Sergey"]
[Black "Mithrakanth, Poorna Sharma"]
[Result "1/2-1/2"]
[WhiteElo "2610"]
[BlackElo "2360"]
[PlyCount "96"]
[EventDate "1996.02.??"]
[EventType "swiss"]
[EventRounds "11"]
[EventCountry "IND"]
[SourceTitle "CBM 050 ext"]
[Source "ChessBase"]
[SourceDate "1996.03.01"]
[SourceVersion "1"]
[SourceVersionDate "1996.03.01"]
[SourceQuality "1"]

1. e4 c5 2. Nf3 d6 3. d4 cxd4 4. Nxd4 Nf6 5. Nc3 a6 6. Be2 e5 7. Nb3 Be7 8. O-O
O-O 9. Kh1 Nc6 10. f4 exf4 11. Bxf4 Be6 12. Qe1 Ne8 13. Rd1 Bh4 14. Bg3 Bxg3
15. Qxg3 Qb6 16. Bg4 Bc4 17. Rf2 Ne5 18. Rfd2 Rd8 19. Be2 Be6 20. h3 Nf6 21.
Nd4 Rd7 22. Rb1 Rc8 23. Rdd1 Kh8 24. Qf4 h6 25. a3 Qc5 26. Qh2 Kh7 27. Qg1 Re8
28. Nxe6 Qxg1+ 29. Kxg1 fxe6 30. Kf2 Rc8 31. Rd4 Kg8 32. Rbd1 Rc6 33. Ke3 Kf7
34. R1d2 Ke7 35. Nd1 Rdc7 36. c3 b5 37. Rb4 d5 38. Nf2 Nc4+ 39. Bxc4 dxc4 40.
a4 Rc5 41. axb5 axb5 42. Rc2 Nd7 43. b3 Ne5 44. bxc4 Nxc4+ 45. Kd3 Ne5+ 46. Kd2
Nc4+ 47. Kd3 Ne5+ 48. Kd2 Nc4+ 1/2-1/2

[Event "Goodricke op 07th"]
[Site "Kolkata"]
[Date "1996.??.??"]
[Round "5"]
[White "Ravi, Lanka"]
[Black "Dolmatov, Sergey"]
[Result "1-0"]
[WhiteElo "2390"]
[BlackElo "2610"]
[Annotator "Dolmatov"]
[PlyCount "87"]
[EventDate "1996.02.??"]
[EventType "swiss"]
[EventRounds "11"]
[EventCountry "IND"]
[SourceTitle "CBM 050 ext"]
[Source "ChessBase"]
[SourceDate "1996.03.01"]
[SourceVersion "1"]
[SourceVersionDate "1996.03.01"]
[SourceQuality "1"]

1. d4 Nf6 2. Nf3 g6 3. c4 Bg7 4. Nc3 O-O 5. e4 d6 6. Be2 e5 7. d5 a5 8. Bg5 Na6
9. Nd2 h6 10. Bh4 Qe8 (10... Bd7 $5 11. O-O h5 12. a3 Bh6 $132) 11. O-O Nh7 12.
a3 Bd7 13. Kh1 $6 h5 14. f3 a4 $6 (14... Bf6 $5 15. Bf2 h4 16. Rb1 (16. b3 Bg5
17. Rb1 Qe7 18. b4 axb4 19. axb4 Nf6 $36) 16... a4 17. Nb5 Bg5 18. Qc2 Nf6 $36)
15. Nb5 Bh6 16. Qc2 f5 $2 (16... Qb8 $5 17. Rad1 c6 18. Nc3 Nc5 $132) 17. exf5
$1 gxf5 18. Rad1 Kh8 19. Qxa4 (19. f4 $5 Bxf4 20. Bd3 $36) 19... Rg8 20. Qc2
Nf8 21. Bf6+ $1 (21. b4 $2 Ng6 22. Bf2 Nf4 $36) 21... Kh7 22. Bd3 Qg6 (22...
Qf7 23. Bxf5+ Bxf5 24. Qxf5+ Rg6 25. Ne4 Nd7 26. g4 $1 $16) 23. Ne4 $1 Qf7 24.
f4 $1 exf4 25. Rde1 Rg6 (25... Re8 26. Nexd6 cxd6 27. Nxd6 Qxf6 28. Nxe8 Bxe8
29. Rxe8 $18) 26. Bh4 (26. Ng5+ $2 Bxg5 27. Re7 Rxf6 28. Rxf7+ Rxf7 $17) 26...
Re8 (26... fxe4 27. Rxe4 Re8 28. Rxe8 Bxe8 29. Re1 $18) 27. Nexd6 $1 (27. Nec3
Re5 $13) 27... cxd6 28. Rxe8 Qxe8 (28... Bxe8 29. Re1 $18) 29. Re1 Qc8 30. Nd4
Bg5 (30... Nc5 31. Bxf5 $18) 31. Nxf5 Nc5 32. Ne7 $2 (32. Nxd6 $1 Nxd3 33. Nxc8
Nxe1 34. Bxe1 $18) 32... Nxd3 $8 33. Nxc8 Nxe1 34. Bxe1 Bxc8 35. c5 $1 Kg8 $4 (
35... f3 $1 36. gxf3 dxc5 37. Qxc5 Bh3 38. Qxf8 Bg2+ 39. Kg1 (39. Kxg2 Bh6+ $19
) 39... Be3+ 40. Bf2 Bh3+ 41. Kh1 Bg2+ 42. Kg1 Bh3+ 43. Kh1 Bxf2 44. Qf7+ Kh6
45. Qf4+ $10) 36. c6 $18 h4 37. Qe4 Rg7 38. Bc3 Re7 39. Qb4 h3 40. Qxd6 Re2 41.
Qc7 Be7 42. d6 $1 hxg2+ 43. Kg1 f3 44. Qxc8 $1 (44. dxe7 $2 f2+ 45. Kxg2 Bh3+
46. Kg3 f1=Q $17) 1-0

[Event "Goodricke op 07th"]
[Site "Kolkata"]
[Date "1996.??.??"]
[Round "7"]
[White "Sareen, Vishal"]
[Black "Dolmatov, Sergey"]
[Result "0-1"]
[WhiteElo "2300"]
[BlackElo "2610"]
[PlyCount "44"]
[EventDate "1996.02.??"]
[EventType "swiss"]
[EventRounds "11"]
[EventCountry "IND"]
[SourceTitle "CBM 050 ext"]
[Source "ChessBase"]
[SourceDate "1996.03.01"]
[SourceVersion "1"]
[SourceVersionDate "1996.03.01"]
[SourceQuality "1"]

1. e4 e6 2. d4 d5 3. Nd2 c5 4. exd5 exd5 5. Bb5+ Bd7 6. Qe2+ Be7 7. dxc5 Nf6 8.
Nb3 O-O 9. Be3 Re8 10. O-O-O a6 11. Bd3 a5 12. Nf3 a4 13. Nbd4 Bxc5 14. Bf5 Nc6
15. Bxd7 Qxd7 16. a3 Na5 17. Qb5 Qc8 18. Qd3 Nc4 19. Rhe1 Qc7 20. Re2 Qb6 21.
c3 Ne4 22. Rc2 Nxa3 0-1

[Event "Goodricke op 07th"]
[Site "Kolkata"]
[Date "1996.??.??"]
[Round "8"]
[White "Dolmatov, Sergey"]
[Black "Szekely, Peter"]
[Result "1/2-1/2"]
[WhiteElo "2610"]
[BlackElo "2435"]
[PlyCount "40"]
[EventDate "1996.02.??"]
[EventType "swiss"]
[EventRounds "11"]
[EventCountry "IND"]
[SourceTitle "CBM 050 ext"]
[Source "ChessBase"]
[SourceDate "1996.03.01"]
[SourceVersion "1"]
[SourceVersionDate "1996.03.01"]
[SourceQuality "1"]

1. e4 c5 2. c3 d5 3. exd5 Qxd5 4. d4 Nf6 5. Nf3 Bg4 6. Nbd2 e6 7. Bc4 Qc6 8.
Qe2 Nbd7 9. h3 Bh5 10. g4 Bg6 11. g5 Nd5 12. Bb5 Qc7 13. Ne5 O-O-O 14. Nxd7
Rxd7 15. Bxd7+ Qxd7 16. Nb3 cxd4 17. Nxd4 Bc5 18. Nb3 Bb6 19. Bd2 Qc6 20. Rg1
e5 1/2-1/2